00741nam a2200265 b 450000100060000000300090000600500170001500700060003200800330003801500060007101700090007702000150008603500060010104000250010708200270013210000290015924501250018825000060031326000450031930000200036460000300038465000200041470000220043470000190045605351DO-SdBNP20240524090532.005351070731s 2000 sp ||| ||spa  a  a b  a8425334462 a  aBPMSUbspacBPMSUe  4a853.91bP224p 20002221 a Parazzoli, Ferrucciod 13aEl príncipe Siddharta :b la sonrisa de Buda /c Ferruccio Parazzoli, Patricia Chendi ; traducción Juan Vivanco.h  a  aBarcelona : bGrijalbo Mondadori,c2000. a222 p. ;c24 cm14aBuda,d567-483 a. de J. C 4aNovela italiana1 a Chendi, Patricia1 aVivanco, Juan